Super Mario Odyssey Hats - Statistics

General Stats
  • This quiz has been taken 131 times
    120 since last reset
  • The average score is 21 of 53
Answer Stats
Hat % Correct
Mario Cap
86%
Luigi Cap
77%
Bowser’s Top Hat
73%
Wario Cap
70%
Mario’s Top Hat
69%
Waluigi Cap
68%
Black Top Hat
66%
Mario 64 Cap
66%
Caveman Headwear
56%
Chef Hat
53%
Sombrero
49%
Gold Mario Cap
48%
King’s Crown
48%
Metal Mario Cap
48%
Explorer Hat
47%
Captain’s Hat
45%
Space Helmet
45%
Diddy Kong Hat
44%
Topper Hat
44%
Builder Helmet
43%
Harriet Hat
43%
Employee Cap
42%
Cowboy Hat
40%
Rango Hat
39%
Resort Hat
39%
Classic Cap
38%
Bridal Veil
36%
Spewart Hat
36%
Swim Goggles
36%
Scientist Visor
35%
Snow Hood
35%
Aviator Cap
34%
Doctor Headwear
34%
Clown Hat
32%
Pirate Hat
32%
Football Helmet
31%
Golf Cap
31%
Mechanic Cap
31%
Sailor Hat
31%
Painter’s Cap
30%
Zombie Headwear
30%
Invisibility Hat
29%
Samurai Helmet
29%
Black Fedora
26%
Sunshine Shades
26%
Happi Headband
25%
Musician Hat
25%
Knight Helmet
19%
Fashionable Cap
17%
Batting Helmet
13%
Racing Helmet
12%
Satellaview Helmet
10%
Conductor Wig
9%
No matching quizzes found
Score Distribution
Percent of People with Each Score
Percentile by Number Answered
Your Score History
You have not taken this quiz since the last reset